The Revelation of John. (Record no. 497)

000 -LEADER
fixed length control field 00859nam a2200217 a 4500
001 - CONTROL NUMBER
control field :::00013651$&:&@@
003 - CONTROL NUMBER IDENTIFIER
control field OkBaRHE
005 - DATE AND TIME OF LATEST TRANSACTION
control field 20100324123214.0
008 - FIXED-LENGTH DATA ELEMENTS--GENERAL INFORMATION
fixed length control field s1960 j 000 0 eng u
040 ## - CATALOGING SOURCE
Transcribing agency
100 1# - MAIN ENTRY--PERSONAL NAME
Personal name Barclay, William, 1907-1978,
245 14 - TITLE STATEMENT
Title The Revelation of John.
260 ## - PUBLICATION, DISTRIBUTION, ETC. (IMPRINT)
Place of publication, distribution, etc Philadelphia, PA., :
Name of publisher, distributor, etc Westminster Press
Date of publication, distribution, etc 1960
300 ## - PHYSICAL DESCRIPTION
Extent v. (1-2) ;
Dimensions 17 cm.
490 0# - SERIES STATEMENT
Series statement The daily study Bible series.
650 ## - SUBJECT ADDED ENTRY--TOPICAL TERM
Topical term or geographic name as entry element Bible New Testament Revelation
General subdivision Commentaries
942 ## - ADDED ENTRY ELEMENTS (KOHA)
Source of classification or shelving scheme
Koha item type Books
Copies
Not for loan Withdrawn status Source of classification or shelving scheme Price effective from Full call number Barcode Date last seen Collection code Copy number Koha item type Shelving location Permanent Location Date acquired Damaged status Lost status
   2010-04-14BS 2823 .B37 V.1136512018-04-03Reference1BooksGeneral StacksRHEMA Bible Training College2010-04-14  
   2010-04-14BS 2823 .B37 V.1181172018-04-03Reference2BooksGeneral StacksRHEMA Bible Training College2010-04-14  
   2010-04-14BS 2823 .B37 V.1181182018-04-03Reference3BooksGeneral StacksRHEMA Bible Training College2010-04-14